Gaming Quiz

Random Gaming or Video Games Quiz

Mobilegames1 Quiz Stats

 Plays Quiz not verified by Sporcle

Score 0/13 Timer 20:00
0 Plays Today
% Correct
2
75%
ios
66.7%
2009
66.7%
2011
58.3%
1984
50%
2013
41.7%
King
41.7%
Puzzle
41.7%
Jake
41.7%
Supercell
33.3%
Canada
33.3%
endless runner
33.3%
Strategy
0%

You're not logged in!

Compare scores with friends on all Sporcle quizzes.
OR
Log In

Sporcle TV

Today on Sporcle TV


Watch our educational content, quiz creation guides, and fun videos on Sporcle TV.

Show Comments

Extras

Top Quizzes Today


Score Distribution

Your Account Isn't Verified!

In order to create a playlist on Sporcle, you need to verify the email address you used during registration. Go to your Sporcle Settings to finish the process.

Report this User

Report this user for behavior that violates our Community Guidelines.

Details: